| 000 | 00421cam a2200181ua 4500 | ||
|---|---|---|---|
| 020 | _c3.00 | ||
| 041 |
_ahin _h |
||
| 082 |
_a891.54 _bKRI/UL |
||
| 100 | _aKrishna, Chandra . | ||
| 245 |
_aUltta Vriksha / _cKrishna chandra. _hTextual Documents |
||
| 250 |
_a3 / _b. |
||
| 260 |
_a : _bRajpal and Sanch , _c1962. |
||
| 300 | _a141 ; . | ||
| 365 | _a3.00 | ||
| 504 | _a | ||
| 942 | _cBK | ||
| 999 |
_c12509 _d12509 |
||